Institutiones Methafysicae : Institutiones Methafysicae, In Usum Discipulorum Conscriptae A Joanne Ivancsics Societate Jesu Sacerdote, Philosophiae Doctore, Ejusdemque in Universitate Tyrnaviensi Pofessore Publico Ordinario.

Podrobná bibliografia
Hlavný autor: Ivančič, Ján, 1722-1784 (Author)
Korporácia: Akademická tlačiareň (Printer), knižnice - Knižnica Právnickej akadémie (Signer)
Médium: Kniha
Jazyk:Latin
Vydané: Tyrnaviae : Typs Academicis Societatis Jesu, Anno M. DCC. VIII. [=1758]
Témy:
Signatúra: R 352 PA
LEADER 01928nam a2200361 a 4500
001 000000080
005 00000000000000.0
008 000529s1758 xo e lat
FMT
040 |a SVKKK  |b slo  |c SVKKK  |e AACR2 
041 0 |a lat 
044 |a xo  |c SK 
080 |a 11(075.8) 
100 1 |a Ivančič, Ján,  |d 1722-1784  |4 aut 
245 1 0 |a Institutiones Methafysicae :  |b Institutiones Methafysicae, In Usum Discipulorum Conscriptae A Joanne Ivancsics Societate Jesu Sacerdote, Philosophiae Doctore, Ejusdemque in Universitate Tyrnaviensi Pofessore Publico Ordinario. 
260 |a Tyrnaviae :  |b Typs Academicis Societatis Jesu,  |c Anno M. DCC. VIII. [=1758] 
300 |a 421,[11] s. A/4-Z/4,Aa/4-Zz/4,Aaa/4-Hhh/4 [=216] list.  |c 4°. 20x15 cm 
500 |a Vinety ornam., vlys ornam., inic. s ornam. pozadím vo voľ. priestore na 6 r., inic. s fig. pozaím. v rámčeku na 5, 6 r., verz. vo voľ. priestore na 2, 3 r., typograf. ozdoby, kustódy, tlač. pozn. pod textom v lat. jaz. 
510 4 |a Petrik II/240; Hanakovič I/473; Telgársky-Banská III/1807; Pumprla 153/261; Zelliger 121; Podmanická 0; Telgársky 0; Kolodziejský 0; Rizner 0; Uherková 0; Dokoupil 0 Zelliger 121. 
561 |a Peč.: Štátna vedecká knižnica v Košiciach; K. K. Rechtsakad. Bibliothek In Kaschau. Tlač. exlibris: Kassai királyi jogakademia Könyvtára Szekrény szám XX. Osztályzat e. 
563 |a Pôvodná - lepenka, hnedá mramor. koža s rámc. link. slepotlačou, chrbát so zlát. ornam. slepotlačou a s textom "Institut Methaphys P. Ivancsics" 
653 1 |a filozofia 
653 1 |a metafyzika 
653 2 |a učebnice 
710 0 |a Akademická tlačiareň  |c Trnava  |d 1648-1773  |4 prt 
710 0 |a knižnice - Knižnica Právnickej akadémie  |c Košice  |4 sgn 
752 |a Slovensko  |d Trnava 
852 |p R 352 PA 
904 |a acf kc yyyb 1001 
905 |a bf a0bb 
910 |a svkkk 
998 |a TRNTL 
BAS